| 000 | 00000nam##2200000za#4500 |
| 001 | 9.562937 |
| 003 | CaOODSP |
| 005 | 20210624174608 |
| 007 | cr ||||||||||| |
| 008 | 150406|2007||||xxc|||||o f|0| 0 eng|d |
| 020 | |a978-0-662-46653-6 |
| 022 | |a1925-0886 |
| 040 | |aCaOODSP|beng |
| 043 | |an-cn--- |
| 086 | 1 |aH113-9/2007-8E-PDF |
| 110 | 1 |aCanada. |bPest Management Regulatory Agency. |
| 245 | 10|aGerman Cockroach Extract |h[electronic resource] |
| 260 | |aOttawa - Ontario : |bHealth Canada. |c17 August 2007. |
| 300 | |a21p.|breferences, tables |
| 490 | 1 |aProposed registration decision |x1925-0886|vPRD2007-08 |
| 590 | |a11-30-Supp|b2011-12-02 |
| 775 | 08|tExtrait de blatte germanique |w(CaOODSP)9.595028 |
| 830 | #0|aProposed registration decision,|x1925-0886|vPRD2007-08|w(CaOODSP)9.504464 |
| 856 | 40|ahttp://publications.gc.ca|qPDF|s168 KB|uhttps://publications.gc.ca/collections/collection_2011/sc-hc/H113-9-2007-8-eng.pdf|yPRD2007-08 |